| 000 | 00585 a2200217 4500 | ||
|---|---|---|---|
| 005 | 20260317125619.0 | ||
| 008 | 260317b |||||||| |||| 00| 0 eng d | ||
| 020 |
_a9789389393460 _cRs. 995.00 |
||
| 040 | _aMAIN | ||
| 082 |
_a591 _bR186P(8) |
||
| 100 | _a Rastogi, Veer Bala | ||
| 245 | _aParker and Haswell textbook of zoology vertebrates, V2 | ||
| 250 | _a8th | ||
| 260 |
_bMedtech Science Press _c2026 _aNew Delhi |
||
| 300 | _axix, 952 | ||
| 650 | _aZoology | ||
| 650 | _aNatural Sciences | ||
| 650 | _aGeneral Zoology | ||
| 650 | _aVertebrates Zoology | ||
| 942 | _cBK | ||
| 999 |
_c395160 _d395160 |
||